Elquipe nouvelle 2 : (Record no. 12106)
[ view plain ]
| 000 -LEADER | |
|---|---|
| fixed length control field | 00691nam a22001937a 4500 |
| 003 - CONTROL NUMBER IDENTIFIER | |
| control field | OSt |
| 005 - DATE AND TIME OF LATEST TRANSACTION | |
| control field | 20140310182339.0 |
| 008 - FIXED-LENGTH DATA ELEMENTS--GENERAL INFORMATION | |
| fixed length control field | 130925t xxu||||| |||| 00| 0 eng d |
| 020 ## - INTERNATIONAL STANDARD BOOK NUMBER | |
| International Standard Book Number | 9780199124572 |
| 050 ## - LIBRARY OF CONGRESS CALL NUMBER | |
| Classification number | PB 6.209.2en |
| Item number | .B768 2005 |
| 100 ## - MAIN ENTRY--PERSONAL NAME | |
| Personal name | Bourdais, Danie`le. |
| 9 (RLIN) | 21661 |
| 245 ## - TITLE STATEMENT | |
| Title | Elquipe nouvelle 2 : |
| Remainder of title | Encore Cashier d'activities / |
| Statement of responsibility, etc | Daniele Bourdais. |
| 260 ## - PUBLICATION, DISTRIBUTION, ETC. (IMPRINT) | |
| Place of publication, distribution, etc | Oxford : |
| Name of publisher, distributor, etc | Oxford University Press, |
| Date of publication, distribution, etc | c2005. |
| 300 ## - PHYSICAL DESCRIPTION | |
| Extent | 63 p. : |
| Other physical details | ill. col. ; |
| Dimensions | 28 cm. |
| 651 ## - SUBJECT ADDED ENTRY--GEOGRAPHIC NAME | |
| Geographic name | French language |
| General subdivision | Study and teaching (Secondary) |
| -- | English speakers. |
| 9 (RLIN) | 21665 |
| 651 ## - SUBJECT ADDED ENTRY--GEOGRAPHIC NAME | |
| Geographic name | 2. French language |
| General subdivision | Textbooks for foreign speakers |
| -- | English. |
| 9 (RLIN) | 21666 |
| 942 ## - ADDED ENTRY ELEMENTS (KOHA) | |
| Source of classification or shelving scheme | Library of Congress Classification |
| Koha item type | |
| Withdrawn status | Lost status | Source of classification or shelving scheme | Damaged status | Home library | Current library | Shelving location | Date acquired | Total Checkouts | Total Renewals | Full call number | Barcode | Date last seen | Date checked out | Copy number | Price effective from | Koha item type |
|---|---|---|---|---|---|---|---|---|---|---|---|---|---|---|---|---|
| Library of Congress Classification | Luxembourg Library | Luxembourg Library | Teachers Reference Section | 09/25/2013 | 8 | 1 | PB 6.209.2en .B768 2005 | 19559 | 06/24/2024 | 01/03/2024 | 1 | 09/25/2013 | Books |